000 03356cam a22005654i 4500
003 PE-LiUPU
005 20250731184119.0
008 150616s1987 cl r 000 0 spa d
020 _a9580602808
020 _a9789580602804
035 _a(Sirsi) i9789580602804
040 _aPE-LiUPU
_bspa
_cPE-LiUPU
_erda
049 _aPRUA
082 0 4 _a869.082
_bB85
_221
100 1 _aBryce Echenique, Alfredo,
_eautor.
245 1 3 _aUn mundo para Julius /
_cAlfredo Bryce Echenique.
264 1 _aBogotá, Colombia :
_bEditorial La Oveja Negra,
_c1987.
300 _a335 páginas ;
_c22 centímetros.
336 _atext
_2rdacontent
337 _aunmediated
_2rdamedia
338 _avolume
_2rdacarrier
490 0 _aMaestros de la Literatura Universal
505 0 _aObra "Un Mundo para Julius".
526 _aP145
526 _aP127
526 _aP97
526 _aP14
526 _aP07
650 1 4 _aNovelas peruanas
_ySiglo XX.
910 _ajck
_bjvq
_cjck
910 _cwelc
_d20161025
910 _bksl
_cksl
_d20190513
942 _2ddc
_cBOOK
949 _a869.082 B85
_wDEWEY
_c1
_iFJ03305
_lCCODEBUJ1
_mBUJ
_p5.00
_r0
_sY
_tBOOK
_u2016-10-25
_xEDUCACION
_PP20
_0COMPRA
_o.STAFF. Colección General Juliaca
949 _a869.082 B85
_wDEWEY
_c1
_i43121
_lCCODEBUL1
_mBUL
_r0
_sY
_tBOOK
_u2015-6-16
_xEDUCACION
_PP20
_0COMPRA
_o.STAFF. Colección Ciencias Humanas y Educación
949 _a869.082 B85
_wDEWEY
_c2
_i54783
_lCCODEBUL1
_mBUL
_r0
_sY
_tBOOK
_u2015-6-16
_xEDUCACION
_PP20
_0COMPRA
_o.STAFF. Colección Ciencias Humanas y Educación
949 _a869.082 B85
_wDEWEY
_c3
_i47468
_lCCODEBUL1
_mBUL
_r0
_sY
_tBOOK
_u2015-6-16
_xEDUCACION
_PP20
_0COMPRA
_o.STAFF. Colección Ciencias Humanas y Educación
949 _a869.082 B85
_wDEWEY
_c4
_i43119
_d2016-9-27
_e2016-9-25
_mBUL
_n6
_r0
_sY
_tBOOK
_u2015-6-16
_xEDUCACION
_PP20
_0COMPRA
_o.STAFF. Colección Ciencias Humanas y Educación
949 _a869.082 B85
_wDEWEY
_c5
_i43120
_lCCODEBUL1
_mBUL
_r0
_sY
_tBOOK
_u2015-6-16
_xEDUCACION
_PP20
_0COMPRA
_o.STAFF. Colección Ciencias Humanas y Educación
994 _aC0
_bPEPRU
596 _a1 3
999 _a869.082 B85
_wDEWEY
_c61083
_i43121
_f2021-11-9
_g7
_lCCODEBUL1
_mBUL
_p10.00
_r0
_sY
_tBOOK
_u2015-6-16
_xEDUCACION
_PP20
_0COMPRA
_o.STAFF. Colección Ciencias Humanas y Educación
_d61083
999 _a869.082 B85
_wDEWEY
_c2
_i54783
_d2018-4-2
_e2018-3-26
_f2021-11-9
_g7
_lCCODEBUL1
_mBUL
_n2
_p10.00
_r0
_sY
_tBOOK
_u2015-6-16
_xEDUCACION
_PP20
_0COMPRA
_o.STAFF. Colección Ciencias Humanas y Educación
999 _a869.082 B85
_wDEWEY
_c3
_i47468
_f2021-11-9
_g7
_lCCODEBUL1
_mBUL
_p10.00
_r0
_sY
_tBOOK
_u2015-6-16
_xEDUCACION
_PP20
_0COMPRA
_o.STAFF. Colección Ciencias Humanas y Educación
999 _a869.082 B85
_wDEWEY
_c4
_i43119
_d2016-9-27
_e2016-9-25
_f2021-11-9
_g8
_lCCODEBUL1
_mBUL
_n6
_p10.00
_r0
_sY
_tBOOK
_u2015-6-16
_xEDUCACION
_PP20
_0COMPRA
_o.STAFF. Colección General
999 _a869.082 B85
_wDEWEY
_c5
_i43120
_d2018-3-26
_e2018-3-21
_f2021-11-9
_g7
_lCCODEBUL1
_mBUL
_n1
_p10.00
_r0
_sY
_tBOOK
_u2015-6-16
_xEDUCACION
_PP20
_0COMPRA
_o.STAFF. Colección Ciencias Humanas y Educación
999 _a869.082 B85
_wDEWEY
_c1
_iFJ03305
_f2022-2-2
_g2
_lCCODEBUJ1
_mBUJ
_p5.00
_r0
_sY
_tBOOK
_u2016-10-25
_xEDUCACION
_PP20
_0COMPRA
_o.STAFF. Colección General Juliaca
980 _81
_gALBERTO SANCHEZ Responsable de Automatización